| 000 | 02362cam a2200409 a 4500 | ||
|---|---|---|---|
| 001 | 14404225 | ||
| 003 | ARRUPE | ||
| 005 | 20131219125902.0 | ||
| 008 | 060607s2007 nyua b 001 0 eng | ||
| 010 | _a 2006017905 | ||
| 020 | _a0374179549 (hardcover : alk. paper) | ||
| 020 | _a9780374179540 (hardcover : alk. paper) | ||
| 035 | _a(OCoLC)ocm70060983 | ||
| 035 | _a(OCoLC)70060983 | ||
| 040 |
_aDLC _cDLC _dBAKER _dBTCTA _dC#P _dYDXCP _dYBM _dIXA _dDLC |
||
| 043 | _ae-uk--- | ||
| 050 | 0 | 0 |
_aDA587 _b.O47 2007 |
| 082 | 0 | 0 |
_a941.084 _222 |
| 100 | 1 |
_aOlson, Lynne. _95965 |
|
| 245 | 1 | 0 |
_aTroublesome young men : _bthe rebels who brought Churchill to power and helped save England / _cLynne Olson. |
| 250 | _a1st ed. | ||
| 260 |
_aNew York : _bFarrar, Straus and Giroux, _c2007. |
||
| 300 |
_a436 p. : _bill. ; _c24 cm. |
||
| 504 | _aIncludes bibliographical references (p. [403]-411) and index. | ||
| 505 | 0 | _a"We may be going to die" -- Playing the game -- "Troublesome young men" -- "Dictators are very popular these days" -- "I lack the 'spunk'" -- "Quite simply, he told lies" -- "Our own soul is at stake" -- "'Terrible, unmitigated, unparalleled dishonor'" -- Retribution -- "Waiting for a stirring lead" -- "Here is the testing" -- "Speak for England" -- Playing at war -- "The misery of doing nothing" -- "He is absolutely loyal" -- "Gambling with the life of the nation" -- "'In the name of God, go!" -- "Victory at all costs" -- A question of loyalty -- A son's betrayal. | |
| 600 | 1 | 0 |
_aChurchill, Winston, _d1874-1965. _95966 |
| 600 | 1 | 0 |
_aChamberlain, Neville, _d1869-1940. _95967 |
| 610 | 2 | 0 |
_aConservative Party (Great Britain) _95968 |
| 651 | 0 |
_aGreat Britain _xPolitics and government _y1936-1945. _95969 |
|
| 856 | 4 | 1 |
_3Table of contents only _uhttp://www.loc.gov/catdir/toc/ecip0614/2006017905.html |
| 856 | 4 | 2 |
_3Contributor biographical information _uhttp://www.loc.gov/catdir/enhancements/fy0665/2006017905-b.html |
| 856 | 4 | 2 |
_3Publisher description _uhttp://www.loc.gov/catdir/enhancements/fy0665/2006017905-d.html |
| 856 | 4 | 1 |
_3Sample text _uhttp://www.loc.gov/catdir/enhancements/fy0727/2006017905-s.html |
| 906 |
_a7 _bcbc _corignew _d1 _eecip _f20 _gy-gencatlg |
||
| 942 |
_2lcc _cMONOGRAPH |
||
| 999 |
_c119356 _d119356 |
||